000 00704cam a2200181ua 4500
020 _c1.25
041 _amal
_h
082 _a577
_bADI/JE
100 _aAdiyodi, K U .
110 1 _a .
_b
_c()
245 _aJeevante utbhavavum bhaviyum /
_cK U Adiyodi.
_hTextual Documents
260 _aCalicut :
_bNavakerala Co-operative publishing ,
_c1963.
300 _a127 ; .
365 _a1.25
504 _a
942 _cBK
999 _c4645
_d4645